Lenguaje integral para leer, escribir y aprender /
| Հիմնական հեղինակ: | |
|---|---|
| Ձևաչափ: | Գիրք |
| Լեզու: | իսպաներեն |
| Հրապարակվել է: |
Lima, PE :
Libro Amigo,
1997
|
| Խորագրեր: |
MARC
| LEADER | 00000nam a2200000Ia 4500 | ||
|---|---|---|---|
| 008 | 170307b1997 pe ||||| |||| 00| | spa d | ||
| 999 | |c 1136 |d 1136 | ||
| 090 | |a 05.06.01 |b 771 | ||
| 100 | 1 | |a Arellano-Osuna, Adelina |9 2513 | |
| 245 | 1 | 0 | |a Lenguaje integral para leer, escribir y aprender / |c Adelina Arellano-Osuna |
| 260 | |a Lima, PE : |b Libro Amigo, |c 1997 | ||
| 300 | |a 103 páginas | ||
| 650 | 1 | 4 | |a LINGÜISTICA |9 674 |
| 650 | 1 | 4 | |a APRENDIZAJE |9 387 |
| 650 | 1 | 4 | |a ENSEÑANZA |9 14 |
| 650 | 1 | 4 | |a ESCRITURA |9 1189 |
| 942 | |i 001284 |h 05.06.01 771 |2 z |c 01 | ||
